| 000 | 00714nam a22001937i 4500 | ||
|---|---|---|---|
| 999 |
_c23406 _d23406 |
||
| 003 | AR-CdUCM | ||
| 008 | 250910b20232023 pe||||| |||| 00| 0 spa d | ||
| 020 | _a978-612-00-9812-5 | ||
| 040 |
_aMUNICIPALIDAD PROVINCIAL DEL CUSCO _cBIBLIOTECA MUNICIPAL DEL CUSCO |
||
| 041 | _hspa | ||
| 082 |
_2Segunda Edición _a869.56 / R2481S _bR2481S |
||
| 100 |
_aRamos Tacca, Mario _944204 |
||
| 245 | _aSombra peregrina y otros cuentos / | ||
| 260 |
_aCusco : _bAutor-Editor _c2023 |
||
| 300 |
_a94 páginas. : _c20x15 cm. |
||
| 505 | _aSombra peregrina -- Puriq runa -- Conspiración -- Fragancia febril -- Delirio maternal Puente de San Juan -- En busca de tu perdón | ||
| 942 |
_2ddc _cLIBROS |
||
| 945 |
_apbjr _d10-09-2025 |
||